01189nam a2200277 a 450000100100000000500170001000800410002702000180006804000250008608200180011110000340012924501130016326000370027630000210031350400290033459000260036365000190038965000240040865000310043265000240046391000380048795201310052595201160065695201220077299900170089400001685320260114124842.0100311s2010 dr 001 0 spa d a9789945002256 aDO-SdBNPbspacBNPHU a248.32bA239t1 aAdón, Rafael,d1973-93731610aTransformados por el poder de la oración :bexperimenta lo que el señor quiere para ti /cRafael Adón. aSanto Domingo :bBernard,c2010. a151 p. ;c21 cm. aBibliografía : p. 150. aInventariado, 2018/BT 4aOración9270 0aMeditaciones 95988 4aLiteratura religiosa93200 0aVida cristiana9668 aValidado. Control de calidad. EMS 001054708DSaGRbGRcHDd2010-03-11iLF1l0o248.32 A239tp16853-30r2020-06-25te. 3w2020-06-25yLFDSZPréstamo en sala 0010718PDaPDbPDcHDd2010-03-11iLF1l0o248.32 A239tp16853-10r2020-06-25w2020-06-25yLFPDZNo se presta 0010718PDaPDbPDcHDd2010-03-11iLF1l0o248.32 A239tp16853-20r2020-06-25te. 2w2020-06-25yLFPDZNo se presta c16385d16385